000 00277nam a2200109Ia 4500
008 200302s9999 xx 000 0 und d
100 _aJoe G. Eisley
245 _aMechanics of Elastic Structures
260 _bPrentice Hall International Ltd.
260 _c1989
300 _a448 P.,
999 _c958
_d958